000 00562nam a2200193Ia 4500
005 20250326142259.0
008 250326s9999 xx 000 0 und d
020 _a1-55542-087-7
037 _aTextbook
040 _aFMSL
_beng
_cFMSL
041 _aeng
_2eng
084 _aX:75 M8
_qFMSL
100 _aBryson J M
_9745872
245 0 _aStrategic planning for public and non profit organizations
_cBryson J M
260 _aSan-Francisco
_bSan-Francisco, jorsey-Bass
_c1988
300 _a332p
942 _cTB
_hX:75 M8
999 _c1294276
_d1294276